Asteroseismology of stellar populations in the milky way (Record no. 19162)

MARC details
000 -LEADER
fixed length control field 00644nam a2200205Ia 4500
003 - CONTROL NUMBER IDENTIFIER
control field IN-BaIIA
008 - FIXED-LENGTH DATA ELEMENTS--GENERAL INFORMATION
fixed length control field 211028s9999 xx 000 0 eng d
020 ## - INTERNATIONAL STANDARD BOOK NUMBER
International Standard Book Number 978-3-319-10992-3
040 ## - CATALOGING SOURCE
Transcribing agency IIA Library
080 ## - UNIVERSAL DECIMAL CLASSIFICATION NUMBER
Universal Decimal Classification number 524.3-52(082.1)
Item number AST
100 ## - MAIN ENTRY--PERSONAL NAME
Personal name Miglio, Andrea
9 (RLIN) 36583
245 #0 - TITLE STATEMENT
Title Asteroseismology of stellar populations in the milky way
Statement of responsibility, etc. Andrea Miglio
260 ## - PUBLICATION, DISTRIBUTION, ETC.
Place of publication, distribution, etc. Cham
Name of publisher, distributor, etc. Springer
Date of publication, distribution, etc. 2015
300 ## - PHYSICAL DESCRIPTION
Extent xiii, 185p.
650 ## - SUBJECT ADDED ENTRY--TOPICAL TERM
Topical term or geographic name entry element Astroseismology
9 (RLIN) 36584
650 ## - SUBJECT ADDED ENTRY--TOPICAL TERM
Topical term or geographic name entry element Deep space - milky way
9 (RLIN) 4749
650 ## - SUBJECT ADDED ENTRY--TOPICAL TERM
Topical term or geographic name entry element Milky way
9 (RLIN) 6712
650 ## - SUBJECT ADDED ENTRY--TOPICAL TERM
Topical term or geographic name entry element Stellar oscillations
9 (RLIN) 11440
942 ## - ADDED ENTRY ELEMENTS (KOHA)
Koha item type Books
Holdings
Withdrawn status Lost status Damaged status Not for loan Home library Current library Shelving location Date acquired Source of acquisition Cost, normal purchase price Total Checkouts Full call number Barcode Date last seen Date last checked out Cost, replacement price Price effective from Koha item type Purchase Price
        IIA Library-Bangalore IIA Library-Bangalore General Stacks 11/02/2016 EDS 1519.00 1 524.3-52(082.1)/ AST 20084 07/05/2024 29/02/2024 1519.00 11/02/2016 Books Rs. 1519.00

Powered by Koha